000 00541nam a2200181 a 4500
001 001093223
003 AM-YeHGA
005 20250617151520.0
008 150720s1947 ||| r 000 0 rus d
040 _aAM-YeHGA
041 0 _arus
100 1 _aОбрадович, Сергей
245 1 0 _aДороги :
_bСтихи /
_cСергей Обрадович.
260 _aМосква :
_bСоветский писатель,
_c1947.
300 _a201 с.
653 0 _aРусская советская поэзия
090 _c354545
999 _c352730
_d352730